000 00534nam a2200217Ia 4500
003 OSt
005 20260525152319.0
008 210210b1984 xxu||||| |||| 00| 0 eng d
020 _a0 89581 748 9
040 _cAL
041 _aEnglish
082 _aS891.2 HARR
100 _aHARSHA-DEVA.
_9264524
245 _aRatnavali of Sri Harsa-Deva.
260 _aDelhi.
_bMotilal Banarsidass.,
_c1984
300 _axxxv,83
690 _aSanskrit Drama
_9264525
700 _aM R Kale tr.
_9264526
906 _a050779
942 _2ddc
_cBK
999 _c99558
_d99558